El inspector
Salvato in:
| Autore principale: | |
|---|---|
| Natura: | Libro |
| Lingua: | spagnolo |
| Pubblicazione: |
Santiago
Ercilla
1970
|
| Serie: | Colección Cuadernos de Teatro, 8
|
| Soggetti: | |
| Tags: |
Aggiungi Tag
Nessun Tag, puoi essere il primo ad aggiungerne!!
|
MARC
| LEADER | 00000nam a2200000 a 4500 | ||
|---|---|---|---|
| 001 | UCQ7154 | ||
| 003 | CL-VaPUC | ||
| 008 | 981031e19700000CL |||||||||||||||||spa|d | ||
| 082 | 0 | 4 | |a 891.702 |b GOG |2 21 |
| 100 | 0 | |a Gogol, Nikolái Vasílievich |e author |9 346489 | |
| 245 | 1 | 3 | |a El inspector |
| 300 | |a 117 p | ||
| 942 | |c BK | ||
| 945 | |d 19981031 00:00:00 |a crobeson | ||
| 260 | |a Santiago |b Ercilla |c 1970 | ||
| 650 | 0 | |a Dramas rusos |9 267682 | |
| 650 | 0 | |a Literatura rusa |9 318370 | |
| 583 | |a last modification |c 19981031 00:00:00 |k Rodrigo Vera | ||
| 490 | 0 | |a Colección Cuadernos de Teatro, 8 | |
| 999 | |c 276914 |d 276912 | ||
| 952 | |0 0 |1 0 |4 0 |6 891_702000000000000_GOG_1970 |7 0 |8 A |9 314521 |a BIBEDU |b BIBEDU |d 2019-11-20 |i 1487000 |o 891.702 GOG 1970 |p 1487000 |r 2019-11-20 |w 2019-11-20 |y BK |k LIT | ||